Quiz sull'Estonia - Statistics

Statistiche generali
  • Questo quiz è stato fatto 1.128 volte
  • Il punteggio medio è 10 su 20
Statistiche sulle risposte
Domanda Risposta % Corretto
Capitale Tallinn
96%
Stati confinanti Russia
95%
Stati confinanti Lettonia
94%
Stato da cui ha ottenuto l'indipendenza nel 1991 Unione Sovietica
91%
Organizzazioni internazionali di cui fa parte dal 2004 Unione Europea
82%
Quei due golfi fanno parte di questo mare Mar Baltico
81%
Organizzazioni internazionali di cui fa parte dal 2004 NATO
78%
Il 48% del territorio estone è coperto da ... Foreste
63%
L'Estonia si trova su questi due golfi Golfo di {Finlandia}
57%
Prima della seconda guerra mondiale, circa l'80% degli estoni apparteneva a questo ramo del protestantesimo.(Oggi è meno del 10%) Luterano
45%
Software di comunicazione per chiamate e chat nato in Estonia Skype
36%
Valuta utilizzata dal 1992 al 2011 Kroon
34%
L'Estonia si trova su questi due golfi Golfo di {Riga}
28%
Cosa sono Saaremaa e Hiiumaa? Isole
25%
Nel 2005 l'Estonia è diventata il primo paese a farlo su Internet Voto
25%
La lingua estone fa parte di questo gruppo linguistico Finniche
18%
Università più grande e più antica Università di Tartu
13%
Ordine dei crociati germanici che governarono la maggior parte dell'Estonia per tre secoli Teutonico
11%
Quinto lago più grande d'Europa, si trova sul confine orientale Lago dei {Ciudi}
9%
Poema epico nazionale Kalevipoeg
5%
Nessun quiz corrispondente trovato
Distribuzione punteggi
Percentuale di utenti per punteggio
Percentile per numero di risposta
I tuoi punteggi nel tempo
Non hai fatto questo quiz